Small scale engineering industries; (Record no. 71407)

MARC details
000 -LEADER
fixed length control field 00682cam a22002531 4500
001 - CONTROL NUMBER
control field sa 66007792
003 - CONTROL NUMBER IDENTIFIER
control field DLC
005 - DATE AND TIME OF LATEST TRANSACTION
control field 20260227112307.0
008 - FIXED-LENGTH DATA ELEMENTS--GENERAL INFORMATION
fixed length control field 740123s1966 ii 000 0 eng
010 ## - LIBRARY OF CONGRESS CONTROL NUMBER
LC control number sa 66007792 //r952
025 ## - OVERSEAS ACQUISITION NUMBER
Overseas acquisition number PL480:I-E-6625
040 ## - CATALOGING SOURCE
Original cataloging agency DLC
Transcribing agency DLC
Modifying agency DLC
043 ## - GEOGRAPHIC AREA CODE
Geographic area code a-ii---
050 00 - LIBRARY OF CONGRESS CALL NUMBER
Classification number HD9705.I42
Item number E5
082 00 - DEWEY DECIMAL CLASSIFICATION NUMBER
Classification number 338.4762
110 20 - MAIN ENTRY--CORPORATE NAME
Corporate name or jurisdiction name as entry element Engineering Association of India.
245 10 - TITLE STATEMENT
Title Small scale engineering industries;
Remainder of title a guide.
260 1# - PUBLICATION, DISTRIBUTION, ETC.
Place of publication, distribution, etc. Calcutta
Date of publication, distribution, etc. [1966]
300 ## - PHYSICAL DESCRIPTION
Extent 39 p.
Dimensions 22 cm.
500 ## - GENERAL NOTE
General note Cover title.
650 #0 - SUBJECT ADDED ENTRY--TOPICAL TERM
Topical term or geographic name entry element Machinery industry
Geographic subdivision India.
650 #0 - SUBJECT ADDED ENTRY--TOPICAL TERM
Topical term or geographic name entry element Industrial policy
Geographic subdivision India.
650 #0 - SUBJECT ADDED ENTRY--TOPICAL TERM
Topical term or geographic name entry element Small business
Geographic subdivision India.

No items available.

Powered by Koha